000 01017nam a2200289Ia 4500
001 Para_593
003 CHAP
008 220125s1992 xx 000 0 und d
010 _a199353
040 _cCHAP
090 _aPA TESIS 667
100 _aCabrera Oropeza, Juan Carlos
_9164624
245 _aComportamiento de diez herbicidas en pre-plantación en el cultivo de la resa Fragaria x ananassa Huch. en el Valle de Zamora, Mich. /
_c por Juan Carlos Cabrera Oropeza
260 _aUruapan, Mich. :
_b el autor
300 _a106 h.
502 _aTesis (Ing. Agr. Esp. en Parasitología Agrícola) Universidad Michoacana de San Nicolás Hidalgo
650 _aFresa
_x malas hierbas
_xcontrol
_943218
650 _aFresa
_xMichoacán
_9164625
710 _aUniversidad Michoacana de San Nicolás de Hidalgo
_9116480
901 _aPA TESIS 667
902 _aA
905 _a0000001992 0000000000 00
910 _a1992
942 _cPARA
942 _cPARA
_d1
999 _c199353
_d199353